Yüklüyor......

Ecological Genetics

Detaylı Bibliyografya
Yazar: E B Ford
Materyal Türü: Printed Book
Dil:Undetermined
Baskı/Yayın Bilgisi: London 1964
Methuen and company
Konular:
LEADER 00574nam a2200217Ia 4500
008 141122s9999 xx 000 0 und d
040 |c . 
041 |a English 
082 |a 576.58 
082 |b FOR/EC 
100 |a E B Ford 
245 |a Ecological Genetics 
245 |c E B Ford 
260 |b London 
260 |b Methuen and company 
260 |c 1964 
300 |a 335 Pages 
650 |a Genetics 
942 |c BK 
999 |c 11897  |d 11897 
952 |0 0  |1 0  |4 0  |6 576_580000000000000_FOREC  |7 0  |9 11757  |a COVAS  |b COVAS  |d 0000-00-00  |o 576.58 FOR/EC  |p 2637  |r 2014-11-26  |w 2014-11-26  |y BK